| 000 | 00879nam0a2200277 4500 | ||
|---|---|---|---|
| 001 | RU\NLR\ONL1\3481 | ||
| 005 | 20250613114147.0 | ||
| 035 | _a(NLR Aleph) 009632234 | ||
| 090 |
_a9501015 _c9501015 |
||
| 100 | _a20040622d1959 |||y0rusy50 ca | ||
| 101 | 0 | _achm | |
| 102 | _aRU | ||
| 105 | _ay ||||||||| | ||
| 200 | 1 | _aМарий Йу|ла кушеч лектын | |
| 210 |
_aЙошкар-Ола _cКн. лукшо марий изд-во _d1959 |
||
| 215 |
_a55 с. _d20 |
||
| 541 | 1 |
_aКак возникло язычество у мари _zrus |
|
| 606 | 0 |
_aЯзычество _91505103 _3RU\NLR\auth\66954850 |
|
| 686 | 1 | _aЭ31-3 | |
| 700 | 1 |
_aКраснов _bА. В. _gАнатолий Васильевич _4070 |
|
| 801 | 0 |
_aRU _bNLR _c20040622 _gPSBO |
|
| 852 |
_aNLR _bОНЛ _jМар.л./2-1969 |
||
| 942 | _cBOOK | ||
| 980 | _aNB | ||